Sì, lo voglio : storie di unioni civili in Italia /
I tiakina i:
| Kaituhi matua: | |
|---|---|
| Ētahi atu kaituhi: | |
| Hōputu: | Pukapuka |
| Reo: | Itāriana |
| I whakaputaina: |
Gallarate :
People,
2023
|
| Rangatū: | Storie
|
| Ngā marau: | |
| Ngā Tūtohu: |
Kāore He Tūtohu, Me noho koe te mea tuatahi ki te tūtohu i tēnei pūkete!
|
MARC
| LEADER | 00000nam a22000007i 4500 | ||
|---|---|---|---|
| 001 | IT\ICCU\UBO\4717562 | ||
| 003 | ItRI | ||
| 005 | 20260123225510.0 | ||
| 008 | 230627s2023 it |||||| ||||| |||||c | ||
| 020 | |a 9791259791368 | ||
| 040 | |b ita |c Arcigay Queer VdA | ||
| 041 | 7 | |a ita |2 ISO-639-2 | |
| 100 | 1 | |a Follesa, Giovanni |0 IT\ICCU\CAGV\025512 | |
| 240 | 1 | 0 | |a Sì, lo voglio : storie di unioni civili in Italia |9 Follesa, Giovanni |
| 245 | 1 | 0 | |a Sì, lo voglio : |b storie di unioni civili in Italia / |c di Giovanni Follesa ; prefazione di Nichi Vendola. |
| 260 | |a Gallarate : |b People, |c 2023 | ||
| 300 | |a 329 p. ; |c 21 cm | ||
| 650 | 7 | |a Unioni civili |x Italia |2 nsbncf | |
| 700 | 1 | |a Vendola, Nichi |0 IT\ICCU\CFIV\003038 | |
| 830 | 0 | |a Storie |0 IT\ICCU\TO1\0025762 | |
| 942 | |2 ddc |c BK | ||
| 952 | |0 0 |1 0 |2 ddc |4 0 |6 306_766000000000000_FOL_SIL |7 1 |9 4097 |a AO |b AO |d 2025-05-01 |l 0 |o 306.766 FOL SIL |p 11274 |r 2025-05-01 17:46:32 |w 2025-05-01 |x Di proprietà di Giulio Gasperini |y BK | ||
| 952 | |0 0 |1 0 |4 0 |6 DOC_306_766000000000000_FOL |7 0 |9 21887 |a BO |b BO |d 2026-01-15 |i 21082 |l 0 |o DOC 306.766 FOL |p BO21082 |r 2026-01-15 23:22:12 |w 2026-01-15 |x [Sebina 5] [1 v.] |y BK |z 1 v. | ||
| 981 | 1 | |6 z01 |a i |b xxxe | |
| 982 | 1 | |6 z01 |a n | |
| 999 | |c 3171 |d 3171 | ||